Regionálna analýza príjmovej nerovnosti zamestnancov SR s aplikáciou v jazyku R diplomová práca

Guardado en:
Detalles Bibliográficos
Autor principal: Kollár, Patrik
Autor Corporativo: Fakulta hospodárskej informatiky EU. Katedra štatistiky
Otros Autores: Sipková, Ľubica, 1962-
Formato: Libro
Lenguaje:eslovaco
Publicado: Bratislava 2015
Etiquetas: Agregar Etiqueta
Sin Etiquetas, Sea el primero en etiquetar este registro!

MARC

LEADER 00000nbm a2200000 4500
001 0201565
005 20161212111753.3
041 0 |a slo 
044 |a SK 
245 1 0 |a Regionálna analýza príjmovej nerovnosti zamestnancov SR s aplikáciou v jazyku R  |b diplomová práca  |c Patrik Kollár ; školiteľ: Ľubica Sipková 
264 1 |a Bratislava  |c 2015 
300 |a 83 s. 
100 1 |a Kollár, Patrik 
700 1 |a Sipková, Ľubica, 1962- 
710 2 |a Fakulta hospodárskej informatiky EU. Katedra štatistiky